Flaggen mit Blau - Sudden Death - Statistiken

Allgemein
  • Dieses Quiz wurde 252 mal gespielt
  • Das Durchschnittsergebnis liegt bei 13 aus 24
Answers on the Grid
Answers color-coded by a green-red scale on the quiz's grid according to % correct below.
Andorra
Australien
Barbados
Belize
Kap Verde
Kroatien
Kuba
Ecuador
Gambia
Griechenland
Haiti
Honduras
Island
Israel
Moldawien
Nauru
Tschechische Republik
Zentralafrikanische Republik
Serbien
Slowenien
Uruguay
Südsudan
Venezuela
Samoa
Albanien
Österreich
China
Belgien
Georgien
Deutschland
Jamaika
Guinea-Bissau
Guinea
Indonesien
Irak
Italien
Lettland
Madagaskar
Mali
Monaco
Pakistan
Myanmar
St. Kitts und Nevis
Senegal
Singapur
Schweiz
Tonga
Jemen
 
Antwortstatistiken
Antwort % Korrekt
Griechenland
80%
Australien
78%
Tschechische Republik
73%
Island
72%
Israel
72%
Kroatien
72%
Uruguay
68%
Serbien
66%
Slowenien
66%
Honduras
61%
Haiti
57%
Kap Verde
55%
Barbados
53%
Kuba
53%
Andorra
47%
Ecuador
47%
Venezuela
47%
Belize
45%
Moldawien
45%
Nauru
45%
Zentralafrikanische Republik
43%
Samoa
31%
Südsudan
21%
Gambia
19%
Keine übereinstimmenden Quizze gefunden
Verteilung der Resultate
Anzahl Personen mit jedem Resultat
Perzentil nach korrekt beantworteten Fragen
Ihre Resultats-Entwicklung
Sie haben dieses Quiz noch nicht gespielt